Az engedményes elleni kifogás

Elmentve itt :
Bibliográfiai részletek
Szerző: Beck Salamon
Dokumentumtípus: Cikk
Megjelent: 1932
Sorozat:Polgári jog : a hazai és külföldi magánjog és hiteljog szemléje 8
Kulcsszavak:Hiteljog engedményes
Online Access:http://misc.bibl.u-szeged.hu/15372
LEADER 00594nab a2200169 i 4500
001 misc15372
005 20191106142443.0
008 170607s1932 hu o 0|| hun d
040 |a SZTE Miscellanea Repozitórium  |b hun 
041 |a hun 
100 1 |a Beck Salamon 
245 1 3 |a Az engedményes elleni kifogás  |h [elektronikus dokumentum] /  |c  Beck Salamon 
260 |c 1932 
300 |a 287q 
490 0 |a Polgári jog : a hazai és külföldi magánjog és hiteljog szemléje  |v 8 
695 |a Hiteljog engedményes 
856 4 0 |u http://misc.bibl.u-szeged.hu/15372/1/polgari_jog_1932_287q.pdf  |z Dokumentum-elérés